000 00420nam a22001697a 4500
005 20160601145428.0
008 160601b xxu||||| |||| 00| 0 eng d
020 _a81-7808-563-1
041 _aeng
082 _b6749
100 _aLaudon, Kenneth C Laudon, Jane P.
_91057
245 _aManagement Information Systems
260 _bpearson education
_c2002
300 _a547
650 _aManagement
_9241
942 _cBK
999 _c2349
_d2348